| 000 | 00793nas a2200241 4500 | ||
|---|---|---|---|
| 001 | BR9404983 | ||
| 003 | BR-BrBNA | ||
| 005 | 20231205093710.0 | ||
| 007 | ta | ||
| 008 | 230509b bl.|||p| |||| 00| 00por d | ||
| 040 |
_aBR-BrBNA _bpor _cBiblioteca Nacional de Agricultura |
||
| 041 | _a(Pt) | ||
| 072 | _aP36 | ||
| 100 | 1 | _aBahia, V.G. | |
| 100 | 1 | _aCuri, N. | |
| 100 | 1 | _aCarmo, D.N. do | |
| 100 | 1 | _aMarques, J.J.G.S. e M. | |
| 245 | 1 | _aFundamentos da erosao do solo. (Tipos, formas, mecanismos, fatores determinantes e controle) | |
| 650 | _aErosao do Solo | ||
| 773 | 0 |
_tInforme Agropecuario - Empresa de Pesquisa Agropecuaria de Minas Gerais (Brazil) _xISSN 0100-3364 _g(1992), v. 16(176) p. 25-31 _wBR9404983 |
|
| 909 |
_a202311 _bLúcia _c55 _dLúcia Elande |
||
| 942 |
_2AGRIS _n0 _cANA |
||
| 999 |
_c139952 _d139952 |
||